000
00320nam a22001457a 4500
020
_a
978-1-4737-7899-3
082
_a
657.45
100
_a
Millichamp, Alan
245
_a
Auditing
250
_a
12th
260
_a
Andover:
_b
Cengage,
_c
2022
300
_a
xvii, 593p.: ill.; 25cm
700
_a
Taylor, John
942
_c
BK
999
_c
22138
_d
22138